000
00301nam a22001337a 4500
008
181029b xxu||||| |||| 00| 0 eng d
020
_a
9780816019939
041
_a
eng
080
_a
910
100
_a
42
101
_a
GJEO
245
_a
The Atlas of Natural Wonders
_c
Mathews, R.O
942
_2
udc
_c
BK
999
_c
51054
_d
51054